000
00227nam a22000857a 4500
008
160708b xxu||||| |||| 00| 0 eng d
100
_9
2449
_a
Aneja O.P
245
_a
How to play Football
260
_a
New Delhi
_b
Prerna Publication
_c
2012
999
_c
2121
_d
2121